| 000 | 01311cam a2200349 a 4500 | ||
|---|---|---|---|
| 001 | 2870 | ||
| 003 | FISKH | ||
| 005 | 20240119115536.0 | ||
| 008 | 060821s2007 nyu 000 1 eng | ||
| 010 | _a 2006049233 | ||
| 020 | _a0061187844 | ||
| 020 | _a9780061187841 | ||
| 035 | _a(OCoLC)ocm71223503 | ||
| 035 | _a(OCoLC)71223503 | ||
| 040 |
_aDLC _cDLC _dBAKER _dC#P _dYDXCP _dVP@ _dBTCTA _dDLC |
||
| 050 | 0 | 0 |
_aPS3569.H742 _bP67 2007 |
| 082 | 0 | 0 |
_a813/.54 _222 |
| 100 | 1 | _aShriver, Lionel. | |
| 245 | 1 | 4 |
_aThe post-birthday world / _cLionel Shriver |
| 250 | _aThis edition published in 2008 | ||
| 260 |
_aLondon : _bHarperCollins Publishers, _c2007 |
||
| 300 |
_a478 pages : _c20 cm |
||
| 520 | _aA tale told from the parallel perspectives of two possible timelines considers the life of American expatriate Irina McGovern, who in one reality stays faithful to her disciplined American intellectual partner, and in the other runs off with an exuberant British friend. | ||
| 650 | 0 |
_aWomen illustrators _vFiction. |
|
| 650 | 0 |
_aSnooker players _vFiction. |
|
| 650 | 0 |
_aAmericans _zEngland _zLondon _vFiction. |
|
| 650 | 0 |
_aMate selection _vFiction. |
|
| 650 | 0 |
_aMarried people _vFiction. |
|
| 655 | 0 | _aDomestic fiction. | |
| 906 |
_a7 _bcbc _corignew _d1 _eocip _f20 _gy-gencatlg |
||
| 942 |
_2ddc _cBK _n0 |
||
| 999 |
_c2870 _d2870 |
||